• 首页
  • 本馆介绍
  • 公告通知
  • 最新文献
  • 馆藏检索
  • 电子资源
  • 读者导购
  • 参考咨询
  • 我的图书馆
  • 登录
  • 详细信息显示
  • 放入我的书架
  • 预约/预借图书
  • 作者相关作品
  • 分类相关作品
  • 丛书相关作品
  • 出版社相关作品

书目信息

  • 表格格式
  • 工作单格式
  • 卡片格式
题名:
农村小型水电站
    
 
作者: ;河北电力工业局 编
分册: 下册  
出版信息: 保定   河北人民出版社  1959
页数: 126页
开本: 21cm
丛书名:
单 册:
中图分类: TV742
科图分类:
主题词: 农村--水力发电站--小型
电子资源:
ISBN: T15086.103
000 00669nam0 2200229 450
001 0159013540
005 20100713172103.0
010    @aT15086.103@dCNY0.34
091    @aT15086.103@dCNY0.34
100    @a20081014d1959 em y0chiy0121 ea
101 0  @achi
102    @aCN@b130000
105    @aa z 000yy
106    @ar
200 1  @a农村小型水电站@9Nong Cun Xiao Xing Shui Dian Zhan @f河北电力工业局编@h下册
210    @a保定@c河北人民出版社@d1959
215    @a126页@c图@d21cm
606 0  @a农村@x水力发电站@x小型
690    @aTV742@v4
711 02 @a河北电力工业局@9he bei dian li gong ye ju@4编
801  0 @aCN@b91MARC@c20130904
905    @aBZT@dTV742@e5@f2@sTV742/5
    
    农村小型水电站/河北电力工业局编.下册.-保定:河北人民出版社,1959
    126页:图;21cm
    
    
    ISBN T15086.103:CNY0.34
    
●
相关链接 在五车中查询图书 在当当中查询图书 在豆瓣中查询图书


正题名:农村小型水电站     索取号:TV742/5         预约/预借

序号 登录号 条形码 馆藏地/架位号 状态 备注
1 2000083170   2000083170   旧书回溯/ [索取号:TV742/5] 在馆    
2 2000087840   2000087840   旧书回溯/ [索取号:TV742/5] 在馆    
山东省滨州职业学院图书馆 欢迎您!
大连网信软件有限公司© 版权所有